000 00975nam a2200277 a 4500
001 BRL_1926
005 20190320211434.0
008 180815s1998----mx-b######---#000-0#spa-#
041 _aspa
044 _amx
050 4 _aF1256
_b.C45 1998
245 1 0 _aChiapas
_bla guerra en curso
_ccoord. Jesus S. Acosta-Ortiz ; colaboración Roberto Vidales...[et al.]
260 _aMéxico
_bCentro de Derechos Humanos Miguel Agustin Pro Juarez
_c1998
300 _a85 p.
_bil., mapas
_c28 cm.
500 _aAu2288
650 1 4 _aMasacres
_zChiapas (Acteal)
_928243
650 1 4 _aTzotziles
_xRelaciones gubernamentales
_928244
650 1 4 _aNegociacion
_zChiapas
_928245
651 4 _aChiapas
_xHistoria
_yRevolución, 1994-
_928246
651 4 _aMéxico
_xPolítica y gobierno
_y1988-
_9700
700 1 _aAcosta-Ortiz, Jesus S.
_928247
700 1 _aVidales, Roberto
_928248
710 2 _aCentro de Derechos Humanos Miguel Agustin Pro Juarez
_928249
902 _aGRL
942 _2lcc
_cB
999 _c10734
_d10734